Sports Quiz

Random Sports Quiz

Atlanta Braves All Time Home Run Leaders Quiz Stats

 Plays Quiz not verified by Sporcle

Score 0/20 Timer 05:00
1 Play Today
Total Home Runs Player % Correct
733Hank Aaron
99.4%
426Chipper Jones
99.1%
368Andruw Jones
97.2%
371Dale Murphy
83.1%
214Javy Lopez
69.5%
130Fred McGriff
69.2%
160David Justice
69%
493Eddie Mathews
68.8%
147Ron Gant
57.2%
139Ryan Klesko
48.4%
Total Home Runs Player % Correct
215Bob Horner
47.4%
109Jeff Blauser
34%
142Joe Torre
28%
131Darrell Evans
24.6%
239Joe Adcock
20.3%
109Rico Carty
16.8%
170Del Crandall
8.4%
199Wally Berger
6.9%
101Bob Elliott
3.4%
100Sid Gordon
1.1%

You're not logged in!

Compare scores with friends on all Sporcle quizzes.
OR
Log In

You Might Also Like...

Show Comments

Extras

Top Quizzes Today


Score Distribution

Your Account Isn't Verified!

In order to create a playlist on Sporcle, you need to verify the email address you used during registration. Go to your Sporcle Settings to finish the process.

Report this User

Report this user for behavior that violates our Community Guidelines.

Details: